01082nam a22002655i 4500001000700000003000900007005001700016008004100033040002000074100002900094245009800123250001300221260006300234300004000297490002200337490005000359490004500409596002700454830003000481830006200511830005300573852004900626999001900675952012200694157294ES-MaACL20250817005421.0040819q18801900fr |||| | fre d aCAM bspa cCAM1 aLaurie, André.912874513aLa vie de collège en Angleterre / cpar André Laurie; illustrations par P. Philippoteaux. a4e éd. aParis : bJ. Hetzel et Cie., c[s.a.] (fTyp. G. Chamerot) a326 p., [1] h. de lám. ; c19 cm.1 aCollection Hetzel1 aBibliothèque d'education et de récreation1 aLa vie de collège dans tous les pays)( aImpreso ca. 1880-1900.0 aCollection Hetzel918838500aBibliothèque d'éducation et de récréation91881190 aLa vie de collège dans tous les pays)(9221770 aES-MaACLjF-10346 z-- Enc. pasta española c157294d157294 00104070aATENEOMbATENEOMcSPP2d2008-01-17eSSCl0oF-10346p1164607r2023-02-23 00:00:00w2023-02-23yMONOGRAFIA